The Great Divide - Noah Kahan Lyrics - Statistics

General Stats
  • This quiz has been taken 20 times
  • The average score is 318 of 372
Answer Stats
Answer % Correct
A
100%
a
100%
I
100%
in
100%
In
100%
the
100%
You
100%
you
100%
your
100%
About
93%
about
93%
all
93%
And
93%
and
93%
back
93%
been
93%
but
93%
But
93%
cancer
93%
divide
93%
do
93%
down,
93%
for
93%
For
93%
great
93%
hard
93%
have
93%
He
93%
hope
93%
Hope
93%
how
93%
inside
93%
is
93%
it
93%
It
93%
keep
93%
know
93%
marry
93%
might
93%
Might
93%
must
93%
not
93%
of
93%
on
93%
Or
93%
ordinary
93%
rich
93%
scared
93%
settle
93%
shit
93%
skin
93%
soul
93%
talked
93%
that
93%
That
93%
then
93%
think
93%
Think
93%
time
93%
to
93%
To
93%
was
93%
we
93%
We
93%
what
93%
who
93%
with
93%
you're
93%
yourself
93%
across
86%
anything
86%
ask
86%
bad
86%
can't
86%
cops
86%
deep
86%
die
86%
every
86%
everything
86%
ghosts
86%
I'm
86%
isn't
86%
last
86%
life
86%
Like
86%
like
86%
looking
86%
misunderstanding
86%
murderers
86%
my
86%
only
86%
out
86%
recall
86%
same
86%
some
86%
someone
86%
We're
86%
ahead
79%
ain't
79%
broke
79%
care
79%
drove
79%
enough
79%
fine
79%
go?
79%
high
79%
if
79%
just
79%
morons
79%
Nothing
79%
nothing
79%
side
79%
spot
79%
still
79%
while
79%
While
79%
you'd
79%
You'd
79%
aware
71%
burns
71%
cigarette
71%
Finally
71%
friends
71%
God
71%
got
71%
hands,
71%
heard
71%
line
71%
our
71%
play
71%
shitty
71%
stare
71%
State
71%
Twin
71%
unfair
71%
ballad
64%
bass
64%
birds
64%
cannot
64%
I've
64%
mind
64%
Never
64%
next
64%
read
64%
Seen
64%
sing
64%
singer
64%
swore
64%
Take
64%
they
64%
what's
64%
wide
64%
world
64%
"Fuck
57%
glass
57%
inched
57%
off,"
57%
said,
57%
Said
57%
shoot
57%
things
57%
tried
57%
Turn
57%
aimlessly
50%
along
50%
brave
50%
into
50%
losing
50%
overtime
50%
place
50%
right
50%
sleep
50%
stained
50%
stop
50%
thoughts
50%
threw
50%
wasn't
50%
wish
50%
worked
50%
Yeah,
50%
brick
43%
could
43%
Did
43%
hesitating
43%
small
36%
Rage
29%
ways
29%
fade
14%
Well,
7%
No matching quizzes found
Score Distribution
Percent of People with Each Score
Percentile by Number Answered
Your Score History
You have not taken this quiz